Get The Picture: Christopher Lloyd Quiz Stats

 Plays Quiz not verified by Sporcle

Support Sporcle.
Go Orange.
Score 0/16 Timer 05:00
0 Plays Today
Question Answer Wrong Answers
Movie
Back to the Future
Emmett Brown
96.9%
Uncle Fester
0%
Judge Doom
0%
Professor Plum
0%
Movie
The Addams Family
Uncle Fester
95.9%
Emmett Brown
0.5%
Judge Doom
0.5%
Professor Plum
0.5%
Character
Uncle Fester
Uncle Fester
94.4%
Emmett Brown
2.6%
Judge Doom
0%
Professor Plum
0%
Costars
Michael J. Fox & Lea Thompson
Emmett Brown
93.8%
Uncle Fester
1%
Judge Doom
1%
Professor Plum
1%
Character
Emmett Brown
Emmett Brown
92.8%
Uncle Fester
0.5%
Judge Doom
0.5%
Professor Plum
3.1%
Character
Professor Plum
Professor Plum
92.3%
Emmett Brown
2.1%
Uncle Fester
1%
Judge Doom
2.6%
Costars
Anjelica Huston & Raul Julia
Uncle Fester
90.3%
Emmett Brown
3.6%
Judge Doom
1%
Professor Plum
1.5%
Character
Judge Doom
Judge Doom
89.2%
Emmett Brown
2.1%
Uncle Fester
1%
Professor Plum
4.1%
Movie
Clue
Professor Plum
88.7%
Emmett Brown
1%
Uncle Fester
1.5%
Judge Doom
4.6%
Movie
Who Framed Roger Rabbit
Judge Doom
88.7%
Emmett Brown
2.1%
Uncle Fester
2.6%
Professor Plum
3.1%
Quote
Great Scott!
Emmett Brown
88.7%
Uncle Fester
1.5%
Judge Doom
2.6%
Professor Plum
2.6%
Costars
Bob Hoskins & Charles Fleischer
Judge Doom
86.7%
Emmett Brown
1%
Uncle Fester
4.6%
Professor Plum
4.1%
Costars
Tim Curry & Madeline Kahn
Professor Plum
83.6%
Emmett Brown
3.1%
Uncle Fester
7.7%
Judge Doom
3.1%
Quote
WAAAAAHHHHHH! I'M MELTING! MELTING!
Judge Doom
79.5%
Emmett Brown
2.6%
Uncle Fester
14.4%
Professor Plum
0%
Quote
Yes, but now I work for the United Nations.
Professor Plum
78.5%
Emmett Brown
3.6%
Uncle Fester
4.1%
Judge Doom
9.7%
Quote
You were a terrible mother! There! I said it!
Uncle Fester
76.4%
Emmett Brown
3.1%
Judge Doom
7.7%
Professor Plum
8.2%

You're not logged in!

Compare scores with friends on all Sporcle quizzes.
OR
Log In

From the Vault

Country Capital Minefield: Europe

by Aprilli

Tread carefully, this is one Europe quiz you DON'T want to mess with.
Remove Ads.
Support Sporcle.
Get the best of Sporcle when you Go Orange. This ad-free experience offers more features, more stats, and more fun while also helping to support Sporcle. Thank you for becoming a member.

Show Comments

Extras

Top Quizzes Today


Score Distribution

Your Account Isn't Verified!

In order to create a playlist on Sporcle, you need to verify the email address you used during registration. Go to your Sporcle Settings to finish the process.

Report this User

Report this user for behavior that violates our Community Guidelines.

Details: